000 00543nam a2200169 a 4500
001 000032920
005 20200930065920.0
008 110801s1985 dr a r 000 0 spa d
040 _aDO-SdBNP
_bspa
_cBNPHU
082 _axxx
_bG939
100 1 _aGuevara, Nicolás
_922224
245 1 0 _aBreves motivos :
_bdesde una esquina /
_cNicolás Guevara.
260 _a[Santo Domingo] :
_bEscuela Taller de Artes Gráficas y Comunicación Popular,
_c1985.
300 _a34 p. :
_bil. ;
_c14 cm.
490 1 _aEl vencidario
830 3 _aEl vencidario
_958673
999 _c32411
_d32411